• 首页
  • 本馆介绍
  • 公告通知
  • 最新文献
  • 馆藏检索
  • 电子资源
  • 读者导购
  • 参考咨询
  • 我的图书馆
  • 登录
  • 详细信息显示
  • 放入我的书架
  • 预约/预借图书
  • 作者相关作品
  • 分类相关作品
  • 丛书相关作品
  • 出版社相关作品

书目信息

  • 表格格式
  • 工作单格式
  • 卡片格式
题名:
农药残留快速检测技术
    
 
作者: 朱国念 主编
分册:  
出版信息: 北京   化学工业出版社  2008
页数: 311页
开本: 26cm
丛书名:
单 册:
中图分类: X592.02
科图分类:
主题词: 农药残留量分析
电子资源:
ISBN: 978-7-122-02135-9
000 00908nam0 2200229 45
001 1033097531
005 20100407095340.73
010    @a978-7-122-02135-9@dCNY65.00
100    @a20100401d2008 em y0chiy0110 ea
101 0  @achi
102    @aCN@b110000
105    @aa z 000yy
106    @ar
200 1  @a农药残留快速检测技术@ANong Yao Can Liu Kuai Su Jian Ce Ji Shu@f朱国念主编@FZhu Guo Nian Zhu Bian
210    @a北京@c化学工业出版社@d2008
215    @a311页@c图@d26cm
330    @a本书内容包括农药样品采集和前处理、农药残留快速检测即仪器分析、免疫分析及应用和生物传感器等新分析方法,对分析质量的监测评价和保证也作了详尽叙述;介绍了我国有机氯、有机磷、氨基甲酸酯和拟除虫菊酯等农药的多残留分析方法,也收集了发达国家的多残留分析方法。
606 0  @a农药残留量分析
690    @aX592.02@v4
701  0 @a朱国念@AZhu Guo Nian@4主编
801  0 @aCN@bTANGWEI@c20100407
905    @b0588392-96@dX592.02@e97@f5
    
    农药残留快速检测技术/朱国念主编.-北京:化学工业出版社,2008
    311页:图;26cm
    
    
    ISBN 978-7-122-02135-9:CNY65.00
    本书内容包括农药样品采集和前处理、农药残留快速检测即仪器分析、免疫分析及应用和生物传感器等新分析方法,对分析质量的监测评价和保证也作了详尽叙述;介绍了我国有机氯、有机磷、氨基甲酸酯和拟除虫菊酯等农药的多残留分析方法,也收集了发达国家的多残留分析方法。
●
相关链接 在E读中查询图书 在五车中查询图书 在当当中查询图书 在豆瓣中查询图书


正题名:农药残留快速检测技术     索取号:X592.02/97         预约/预借

序号 登录号 条形码 馆藏地/架位号 状态 备注
1 0588392   205883926   第二样本阅览室/ [索取号:X592.02/97] 在馆    
2 0588393   205883935   第三借阅区/ [索取号:X592.02/97] 在馆    
3 0588394   205883944   第三借阅区/ [索取号:X592.02/97] 在馆    
4 0588395   205883953   第三借阅区/ [索取号:X592.02/97] 在馆    
5 0588396   205883962   第三借阅区/ [索取号:X592.02/97] 在馆    
唐山师范学院图书馆 欢迎您!
大连网信软件有限公司© 版权所有